Stroje a zariadenia

Podrobná bibliografia
Hlavní autori: Rédl, Otta (Autor), Bílek, Karel (Autor), Křížek, Vladimír Otakar (Autor), Syrový, Otakar (Autor), Štercel, Josef (Autor), Zelina, Antonín (Autor)
Ďalší autori: Zacharová, D. (prekladateľka) (Prekladateľ), Zorkóczyová, K. (Prekladateľ)
Médium: Kniha
Jazyk:slovenčina
Fyzický popis:347 s. sch., tab. 24 cm
Vydavateľské údaje: Bratislava Príroda 2001
ISBN:800700680X
Vydanie:4. upr. vyd.
Predmet:

MARC

LEADER 00000nam a2200000 a 4500
001 vtls001431962
003 SK-MaSNL
005 20260301013245.0
008 240313s2001 xo ap r yy slo
015 |a SNBA2002/07-02397 
020 |a 800700680X 
035 |a SNK000387011 
035 |a urn:nbn:sk:snk-amk3k3 
035 |a urn:nbn:sk:snk-am005crw 
035 |a 68E60181-49FD-4E81-896B-9AE65A5539D3 
040 |a SNK  |b slo  |c SNK  |e AACR2 
041 0 |a slo 
044 |a xo  |c SK 
080 |a 631.3(075.3)  |2 1981 
100 1 |a Rédl, Otta  |4 aut  |9 46484 
240 1 0 |a Stroje a zařízení 1 a 2  |l Slovensky 
245 1 0 |a Stroje a zariadenia  |c Otta Rédl a kolektív ; [z českého originálu preložili D. Zachardová a K. Zorkóczyová] 
250 |a 4. upr. vyd. 
260 |a Bratislava  |b Príroda  |c 2001 
300 |a 347 s.  |b sch., tab.  |c 24 cm 
500 |a Údaj o prekl. prevzatý z rubu tit. strany 
504 |a Bibliogr. s. 347 
650 0 7 |a stroje poľnohospodárske  |x zariadenia poľnohospodárske  |x učebnice stred. odb. škôl poľnohosp. (1. roč.)  |2 SNK  |9 299684 
650 0 7 |a zariadenia poľnohospodárske  |x učebnice stred. odb. škôl poľnohosp. (1. roč.)  |2 SNK  |9 299685 
655 7 |a učebnice  |2 SNK  |9 22521 
700 1 |a Zacharová, D.  |c (prekladateľka)  |4 trl  |9 299686 
700 1 |a Zorkóczyová, K.  |4 trl  |9 299687 
700 1 |a Bílek, Karel  |4 aut  |9 278413 
700 1 |a Křížek, Vladimír Otakar  |4 aut  |9 299688 
700 1 |a Syrový, Otakar  |4 aut  |9 60662 
700 1 |a Štercel, Josef  |4 aut  |9 299689 
700 1 |a Zelina, Antonín  |4 aut  |9 299690 
919 |a 80-07-00680-X 
958 |a TL 
958 |a OP 
958 |a CZ 
958 |a UC 
958 |a NB 
968 |b ČES 
999 |c 555620  |d 557550 
952 |t P60, <03>, [BOOK], {603}  |a SNK  |b SNK  |y PREZ  |7 0  |p 17A0338845  |o snkSC 107603  |i snkKSP 3989/2002  |0 0  |1 0  |4 0  |d 2002-04-10  |f 1  |l 0  |r 2025-09-29 00:00:00  |w 2026-02-23 
952 |t P60, <04>, [BOOK], {604}  |a SNK  |b SNK  |y VYP  |7 0  |p 17A0338846  |o snkSC 107603 D1  |i snkKSP 3990/2002  |0 0  |1 0  |4 0  |d 2002-04-10  |l 0  |r 2005-01-02 00:00:00  |w 2026-02-23